=LDR 00000nam 2200000 4500 =001 INLIS000000000003741 =005 20130612092037 =008 ***********************************Ind** =035 ##$$0010-061300000003741 =041 ##$$a Ind =082 ##$$a 610.141 =090 ##$$a 610.141, Kel h =100 ##$$a Keliat, Budi Anna =245 ##$$a Hubungan terapentik, perawat klien, Budi Anna Keliat =250 ##$$a Seri Keperawatan =260 ##$$a 1992 $b Jakarta =300 ##$$a vi, 30 hlm., 18 cm =650 ##$$a Komunikasi dalam kedokteran =850 ##$$a NBPNMAT